00874nam a2200241 a 450000100060000000300080000600500170001400800410003102000150007202000220008703500190010904000270012804100080015508200260016324500780018926000810026730000360034850400640038460000690044860000290051765000540054670000320060062931BD-RjUL20211209081137.0170126s2004 enka b 001 0deng  a1403921474 a1403921482 (pbk.) a(BD-RjUL)63059 aDLCcDLCdBD-RjULbeng aeng00a828.809223bPAL 200400aPalgrave advances in Oscar Wilde studies /cedited by Frederick S. Roden. aHoundmills, Basingstoke, Hampshire ;aNew York :bPalgrave Macmillan,c2004. axxxix, 275 p. :bill. ;c23 cm. aIncludes bibliographical references (p. 267-274) and index.10aWilde, Oscar,d1854-1900xCriticism and interpretationxHistory.10aWilde, Oscar,d1854-1900 0aAuthors, IrishxBiographyxHistory and criticism.1 aRoden, Frederick S.,d1970-